000 00699nam a2200217Ia 4500
005 20251120143715.0
008 241129s9999||||xx |||||||||||||| ||und||
020 _a9789391928032
037 _cGeneral Book
040 _aRTL
_beng
_cRTL
041 _aeng
_2eng
084 _aY:3(Δ:8).2, R3
_qRTL
245 0 _aBlack magic,witchcraft and occultism: secret cultural practices in India
260 _aNew Delhi
_bManohar
_c2024
300 _a589 p.
_bIncludes bibliographical references and index.
365 _aINR
_bRs.2895.00
650 _aBlack Magic- India
_9725246
700 _aNag, Sajal
_eEditor
_9852624
942 _cTB
_hY:3(Δ:8).2 R3
_2CC
_n0
999 _c1225135
_d1225135